Mathematics Iit Entrance Exam. (Record no. 297000)
[ view plain ]
| 000 -LEADER | |
|---|---|
| fixed length control field | 00395nam a2200157Ia 4500 |
| 008 - FIXED-LENGTH DATA ELEMENTS--GENERAL INFORMATION | |
| fixed length control field | 230718s9999 xx 000 0 und d |
| 041 ## - LANGUAGE CODE | |
| Language code of text/sound track or separate title | eng |
| 082 ## - DEWEY DECIMAL CLASSIFICATION NUMBER | |
| Classification number | 510 |
| Item number | JOG |
| 100 ## - MAIN ENTRY--PERSONAL NAME | |
| Personal name | Mathur A.B. |
| 9 (RLIN) | 151968 |
| 245 ## - TITLE STATEMENT | |
| Title | Mathematics Iit Entrance Exam. |
| 260 ## - PUBLICATION, DISTRIBUTION, ETC. (IMPRINT) | |
| Date of publication, distribution, etc. | 1986 |
| Name of publisher, distributor, etc. | Saunder College |
| 300 ## - PHYSICAL DESCRIPTION | |
| Extent | 548 |
| 365 ## - TRADE PRICE | |
| Currency code | Rs. |
| Price amount | 57.00 |
| 700 ## - ADDED ENTRY--PERSONAL NAME | |
| Personal name | Mathur A.B. & Joggi V. P. |
| 9 (RLIN) | 186174 |
| 906 ## - LOCAL DATA ELEMENT F, LDF (RLIN) | |
| c | MATHS |
| Withdrawn status | Lost status | Damaged status | Not for loan | Home library | Current library | Date acquired | Vendor | Budget Code | Cost, normal purchase price | Total Checkouts | Full call number | Barcode | Date last seen | Cost, replacement price | Bill Date | Koha item type | Original Barcode |
|---|---|---|---|---|---|---|---|---|---|---|---|---|---|---|---|---|---|
| Cummins College of Engineering for Women Pune | Cummins College of Engineering for Women Pune | 10/04/1998 | Masurkar Enterprises | MATHS | 57.00 | 510 | CCEP-BK-8206 | 18/07/2023 | 57.00 | 18/07/2023 | Books | 008206 |